Megújulást lelkiekben

Elmentve itt :
Bibliográfiai részletek
Szerző: Pákh Tibor
Dokumentumtípus: Cikk
Megjelent: 1984
Sorozat:Beszélő : politikai és kulturális folyóirat 9
Kulcsszavak:Történelemtudomány, Politikatörténet, Társadalomtudomány
Online Access:http://misc.bibl.u-szeged.hu/2226
LEADER 00627nab a2200181 i 4500
001 misc2226
005 20191106141440.0
008 170607s1984 hu o 0|| hun d
022 |a 0865-4093 
040 |a SZTE Miscellanea Repozitórium  |b hun 
041 |a hun 
100 1 |a Pákh Tibor 
245 1 0 |a Megújulást lelkiekben  |h [elektronikus dokumentum] /  |c  Pákh Tibor 
260 |c 1984 
300 |a 97-98 
490 0 |a Beszélő : politikai és kulturális folyóirat  |v 9 
695 |a Történelemtudomány, Politikatörténet, Társadalomtudomány 
856 4 0 |u http://misc.bibl.u-szeged.hu/2226/1/beszelo_009_097-098.pdf  |z Dokumentum-elérés